000 00550nam a22001577a 4500
003 macl
005 20190315130414.0
008 190315b xxu||||| |||| 00| 0 eng d
040 _cmacl
082 _a800/AAC
100 _aशास्‍त्री ,आचार्य जानकीवल्‍लभ
_973827
245 _aसमुद्र की गहरी हरी अात्‍मा
260 _aदिल्‍ली
_bप्रभात प्रकाशन
_c2014
650 _aरचनावली
_9163
942 _2ddc
_cHIN
999 _c59023
_d59023